=LDR 00000nam 2200000 4500 =001 INLIS000000000058695 =005 20211007083524 =035 ##$$a 0010-1021000143 =007 ta =008 211007###########################0#ind## =020 ##$$a 978-602-6348-77-7 =082 ##$$a 425 =084 ##$$a 425 Sri m =245 1#$$a Menguasai 16 English Tenses /$c Sri Rejeki, S.Pd =300 ##$$a 180 halaman : $b ilustrasi ; $c 21 cm =650 #4$$a Bahasa Inggris - Tata Bahasa =264 ##$$a Depok :$b Senja media utama,$c Tidak teridentifikasi =336 ##$$a teks$2 rdacontent =337 ##$$a lain-lain$2 rdamedia =338 ##$$a lain-lain$2 rdacarrier =990 ##$$a 16281628 =990 ##$$a 16281628